000
00278nam a22001217a 4500
082
_a
693.5 LIN'D
100
_a
LIN, T. Y
_9
42964
245
_a
DESIGN OF PRESTRESSED CONCRETE STRUCTURES
250
_a
2ND
260
_a
NEWYORK
_b
JOHN WILEY
_c
1963
300
_a
614P
942
_c
BK
999
_c
581759
_d
581759